=LDR 00000nam 2200000 4500 =001 000645 =005 20250711125347 =035 ##$$a 0010-0725000513 =007 ta =008 250711################a##########0#ind## =020 ##$$a 978-623-307-346-2 =082 ##$$a 398.209 598 =084 ##$$a 398.209 598 ASH r =100 #$$a Ashwitha jayakumar =245 1#$$a Rumah binatang /$c Ashwitha jayakumar =250 ##$$a Cetakan pertama =260 ##$$a Rawamangun :$b Badan pengembangan dan penbinaan bahasa,$c 2022 =300 ##$$a 27 hlm. : $b Ilus. ; $c 29cm =650 #4$$a Cerita anak indonesia-terjemahan =990 ##$$a TBM04130413